| 000 | 00419nam a2200109Ia 4500 | ||
|---|---|---|---|
| 008 | 160909s9999 xx 000 0 und d | ||
| 100 | _aPace, Kevin K. | ||
| 245 | _aOutsourcing human resource competencies: A quantitative study of their influence on operational performance | ||
| 260 |
_bCapella University. _c2016 |
||
| 650 | _aInformation Technology | ||
| 856 | _uhttp://pqdtopen.proquest.com/doc/1802267784.html?FMT=ABS | ||
| 999 |
_c303838 _d303838 |
||